Cena Ekonomickej univerzity za najlepšie výstupy z vedeckovýskumnej činnosti publikované roku 2006

Informácia o najlepších publikovaných výstupov z vedeckovýskumnej činnosti na Ekonomickej univerzite v Bratislave

Guardado en:
Detalles Bibliográficos
Autor principal: Štefíková, Monika
Formato: Capítulo de libro
Lenguaje:eslovaco
Materias:
Etiquetas: Agregar Etiqueta
Sin Etiquetas, Sea el primero en etiquetar este registro!

MARC

LEADER 00000naa$a2200000$$$4500
001 0061557
005 20230918090244.8
041 0 |a slo 
044 |a SK 
245 1 0 |a Cena Ekonomickej univerzity za najlepšie výstupy z vedeckovýskumnej činnosti publikované roku 2006  |c Monika Štefíková 
520 |a Informácia o najlepších publikovaných výstupov z vedeckovýskumnej činnosti na Ekonomickej univerzite v Bratislave 
610 2 0 |a veda ekonomická 
610 2 0 |a výskum 
610 2 0 |a školy vysoké 
610 2 0 |a Ekonomická univerzita v Bratislave 
610 2 0 |a Slovensko 
100 1 |a Štefíková, Monika